000 00853nam a2200205 i 4500
001 35119
003 ES-MaACL
005 20251127165446.0
007 t|
008 030212s1949 sp ||||1| spa d
100 1 _aBotella Llusiá, José,
_d1912-2002
_930758
245 1 0 _aSuma de terapeútica obstétrica /
_cbajo al dirección del profesor J. Botella Llusía, por los doctores J. M. Bedoya González, C. Botella Llusía ; prólogo del profesor B. Lorenzo Velázquez.
260 _aMadrid :
_b[s.n.],
_c1949 (
_fEstades)
300 _a439 p. :
_bil. ;
_c26 cm.
594 _aPrecede al tít.: Facultad de Medicina de Madrid. IIª cátedra de Obstetricia y Ginecología.
650 7 _aObstetricia
_2embne
_915676
700 1 _aLorenzo-Velázquez, B.,
_d1901-1985
_974198
852 _aES-MaACL
_jD-6878
_bR.31507
999 _c35119
_d35119